000 00332nam a2200133 4500
999 _c2896
_d2896
008 200318b ||||| |||| 00| 0 eng d
082 0 0 _a614.8
_bH6779
110 _9730
_aH.M.S.O
245 1 0 _aFire extinguishing equipment /
260 _aLondon
_bHMSO
_c1976
300 _ax, 127 p.
650 0 _aFire extinguishers
942 _2ddc
_cBK